000 00504nam a2200193Ia 4500
005 20250326123543.0
008 250326s9999 xx 000 0 und d
037 _aTextbook
040 _aFMSL
_beng
_cFMSL
041 _aeng
_2eng
084 _aB28 K5
_qFMSL
100 _aHogg R V
245 0 _aIntroduction to mathematical statistics
_cHogg R V; Craig A T
250 _a2
260 _aNy
_bNy, MacMillan
_c1965
300 _a383p
942 _cTB
_hB28 K5
999 _c1269891
_d1269891